Catálogo público

Bees thein vision, chemical senses, and language / (Record no. 205155)

MARC details
000 -CABECERA
campo de control de longitud fija 00742nam a2200265Ia 4500
001 - NÚMERO DE CONTROL
campo de control Para_6415
003 - IDENTIFICADOR DEL NÚMERO DE CONTROL
campo de control CHAP
008 - DATOS DE LONGITUD FIJA--INFORMACIÓN GENERAL
campo de control de longitud fija 220125s1950 xx 000 0 und d
010 ## - NÚMERO DE CONTROL DE LA BIBLIOTECA DEL CONGRESO
Número de control de LC 205155
040 ## - FUENTE DE LA CATALOGACIÓN
Centro/agencia transcriptor CHAP
082 ## - NÚMERO DE LA CLASIFICACIÓN DECIMAL DEWEY
Número de clasificación PA 595.799 F75
100 ## - ENTRADA PRINCIPAL--NOMBRE DE PERSONA
Nombre de persona Frisch, Karl Von
9 (RLIN) 43483
245 ## - MENCIÓN DE TÍTULO
Título Bees thein vision, chemical senses, and language /
Mención de responsabilidad, etc. by Karl Von Frisch
260 ## - PUBLICACIÓN, DISTRIBUCIÓN, ETC.
Lugar de publicación, distribución, etc. Ithaca, New York :
Nombre del editor, distribuidor, etc. Cornell University
300 ## - DESCRIPCIÓN FÍSICA
Extensión 119 p.
650 ## - PUNTO DE ACCESO ADICIONAL DE MATERIA--TÉRMINO DE MATERIA
Término de materia o nombre geográfico como elemento de entrada Abejas
Subdivisión general Hábitos y conducta
9 (RLIN) 188
650 ## - PUNTO DE ACCESO ADICIONAL DE MATERIA--TÉRMINO DE MATERIA
Término de materia o nombre geográfico como elemento de entrada Abejas
Subdivisión general Anatomía y fisiología
9 (RLIN) 184
901 ## - ELEMENTOS DE DATOS A LOCAL LDA (RLIN)
a PA 595.799 F75
902 ## - ELEMENTOS DE DATOS B LOCAL, LDB (RLIN)
a A
905 ## - ELEMENTOS DE DATOS E LOCAL, LDE (RLIN)
a 0000001950 a 0000000000 00
910 ## - DATOS DE OPCIÓN DEL USUARIO (OCLC)
Datos de opción del usuario 1950
942 ## - ELEMENTOS DE PUNTO DE ACCESO ADICIONAL (KOHA)
Tipo de ítem Koha Parasitologia_
942 ## - ELEMENTOS DE PUNTO DE ACCESO ADICIONAL (KOHA)
Tipo de ítem Koha Parasitologia_
-- 1
Holdings
Estado de retiro Estado de pérdida Fuente del sistema de clasificación o colocación Estado dañado Restricciones de uso No para préstamo Código de colección Localización permanente Ubicación/localización actual Fecha de adquisición Número de inventario Total de préstamos Signatura topográfica completa Código de barras Fecha visto por última vez Número de copia Precio válido a partir de Tipo de ítem Koha Nota pública
    Dewey Decimal Classification   Préstamo interno   General Parasitologia Agricola Parasitologia Agricola 27/10/2005 (PA_3720) (No. UACh C/E)   PA 595.799 F75 4102001238 25/01/2022 Ej.1 25/01/2022 Libro 3